Loading...

Content based methodology

Bibliografiske detaljer
Hovedforfatter: Joshi,Anant N
Andre forfattere: Kavitha,S Salunke
Format: Printed Book
Udgivet: New Delhi Prentice Hall 2006
Fag:
LEADER 00382 a2200121 4500
100 |a Joshi,Anant N 
245 |a Content based methodology 
260 |a New Delhi  |b Prentice Hall  |c 2006 
300 |3 193p. 
650 |a methodology 
700 |a Kavitha,S Salunke 
999 |c 185076  |d 185076 
952 |0 0  |1 0  |2 ddc  |4 0  |7 0  |9 204369  |a EDU  |b EDU  |c ST1  |d 2011-08-26  |g 0.00  |i 6539  |l 0  |p EDU6539  |r 2018-08-29  |t 1  |w 2018-08-29  |y BK